Raising positive kids in a negative world / (Record no. 17901)

000 -LEADER
fixed length control field 00716pam a2200253 a 4500
001 - CONTROL NUMBER
control field 3333491
003 - CONTROL NUMBER IDENTIFIER
control field OkBaRHE
005 - DATE AND TIME OF LATEST TRANSACTION
control field 20111007151335.0
008 - FIXED-LENGTH DATA ELEMENTS--GENERAL INFORMATION
fixed length control field 850930s1985 tnu 000 0 eng
010 ## - LIBRARY OF CONGRESS CONTROL NUMBER
LC control number 85025806
020 ## - INTERNATIONAL STANDARD BOOK NUMBER
International Standard Book Number 0840790392 :
Terms of availability $12.95
040 ## - CATALOGING SOURCE
Original cataloging agency DLC
Transcribing agency DLC
Modifying agency DLC
050 00 - LIBRARY OF CONGRESS CALL NUMBER
Classification number HQ 769
Item number .Z56 1985
082 00 - DEWEY DECIMAL CLASSIFICATION NUMBER
Classification number 649/.1
Edition number 19
100 1# - MAIN ENTRY--PERSONAL NAME
Personal name Ziglar, Zig.
9 (RLIN) 1482
245 10 - TITLE STATEMENT
Title Raising positive kids in a negative world /
Statement of responsibility, etc Zig Ziglar.
260 ## - PUBLICATION, DISTRIBUTION, ETC. (IMPRINT)
Place of publication, distribution, etc Nashville :
Name of publisher, distributor, etc Oliver Nelson,
Date of publication, distribution, etc c1985.
300 ## - PHYSICAL DESCRIPTION
Extent 247 p. ;
Dimensions 24 cm.
650 #0 - SUBJECT ADDED ENTRY--TOPICAL TERM
Topical term or geographic name as entry element Child rearing.
9 (RLIN) 503
650 #0 - SUBJECT ADDED ENTRY--TOPICAL TERM
Topical term or geographic name as entry element Parenting.
9 (RLIN) 1483
650 #0 - SUBJECT ADDED ENTRY--TOPICAL TERM
Topical term or geographic name as entry element Child psychology.
9 (RLIN) 891
906 ## - LOCAL DATA ELEMENT F, LDF (RLIN)
a 7
b cbc
c orignew
d 1
e ocip
f 19
g y-gencatlg
942 ## - ADDED ENTRY ELEMENTS (KOHA)
Source of classification or shelving scheme
Koha item type Books
Copies
Withdrawn status Barcode Shelving location Current Location Price effective from Koha item type Lost status Not for loan Date acquired Date last seen Copy number Full call number Damaged status Source of classification or shelving scheme Permanent Location
 22154General StacksRHEMA Bible Training College2011-10-07Books  2011-10-072011-10-071HQ 769 .Z56 1985  RHEMA Bible Training College